La Llei Municipal de Catalunya de 1934 : conferència de Carles Pi i Sunyer al Palau de Projeccions : 11 de març de 1934 : text de la Llei aprovat el 19 de juliol de 1934 conferència de Carles Pi i Sunyer al Palau de Projeccions :
Descripción Física:
40 p. ; 30 cm
Colección:
Documents Pi i Sunyer ; 2
MARC
| LEADER | 00000nam a2200000Ia 4500 | ||
|---|---|---|---|
| 001 | 19086 | ||
| 008 | 160829s1997 xx 000 0 cat d | ||
| 080 | |a FU-2-48 | ||
| 245 | |a La Llei Municipal de Catalunya de 1934 : |b conferència de Carles Pi i Sunyer al Palau de Projeccions : |b 11 de març de 1934 : |b text de la Llei aprovat el 19 de juliol de 1934 | ||
| 260 | |a Barcelona : |b Fundació Carles Pi i Sunyer d'Estudis Autonòmics i Locals, |c 1997 | ||
| 300 | |a 40 p. ; |c 30 cm | ||
| 490 | |a Documents Pi i Sunyer ; 2 | ||
| 650 | |a Catalunya |x Dret i legislació |9 44849 | ||
| 651 | 0 | |a Catalunya |x Història |y S. XX |9 55664 | |
| 710 | 1 | |a Fundació Carles Pi i Sunyer d'Estudis Autonòmics i Locals |9 52753 | |
| 901 | |a Arxiu | ||
| 942 | |n 1 | ||
| 952 | |0 0 |1 0 |4 0 |6 FU248 |7 1 |9 52210 |a Arxiu |b Arxiu |d 2016-12-01 |l 0 |o FU-2-48 |p 19086 |r 2016-12-01 00:00:00 |w 2016-12-01 |y ARXIU | ||
| 999 | |c 56058 |d 56058 | ||